|
|
|
|
| LEADER |
00000nam a2200000Ii 4500 |
| 001 |
DIGEDUV0098 |
| 003 |
NyNyDIG |
| 006 |
m o d |
| 007 |
cr ||||||||||| |
| 008 |
140401s2009 ag ob 001 0 spa d |
| 020 |
|
|
|z 9789871518265
|
| 020 |
|
|
|z 9871518269
|
| 035 |
|
|
|a (OCoLC)849487557
|
| 040 |
|
|
|a DGITA
|b eng
|e pn
|c DGITA
|
| 041 |
1 |
|
|a spa
|h ger
|
| 050 |
1 |
4 |
|a LB41 eBook
|
| 100 |
1 |
|
|a Böhm, Winfried,
|d 1937-.
|
| 240 |
1 |
0 |
|a Essays
|l Spanish
|k Selections
|
| 245 |
1 |
0 |
|a Esbozos para una pedagogía personalista /
|c Winfried Böhm.
|
| 264 |
|
1 |
|a Villa María, Córdoba, Argentina :
|b EDUVIM, Editorial Universitaria Villa María,
|c 2009.
|
| 300 |
|
|
|a 1 online resource (285 pages)
|
| 336 |
|
|
|a text
|b txt
|2 rdacontent
|
| 337 |
|
|
|a computer
|b c
|2 rdamedia
|
| 338 |
|
|
|a online resource
|b cr
|2 rdacarrier
|
| 490 |
1 |
|
|a Colección Kalein
|
| 504 |
|
|
|a Includes bibliographical references (p. [286] -[300]).
|
| 505 |
0 |
|
|a Introducción -- Prólogo a la edición castellana -- Reflexiones críticas sobre el concepto de autorrealización como objetivo postmoderno de formación -- Educación y sentido de la vida -- El nacimiento del hombre europeo a partir del espíritu de la música -- Búsqueda y deseo, o éros y lógos en la construcción del hombre -- Aurelio Agustín y el descubrimiento de la persona -- La persona como medida de la educación -- Derechos humanos, educación multicultural y el odio al extranjero -- Educabilidad y formación -- Sobre la incompatibilidad de educación y terapia -- El conocimiento y la actuación desde la perspectiva de la educación y de la Pedagogía -- Lo oportuno de una Pedagogía inoportuna.
|
| 655 |
|
0 |
|a Electronic books.
|
| 650 |
|
0 |
|a Education.
|
| 791 |
2 |
|
|a Digitalia (Firm),
|e distributor.
|
| 830 |
|
0 |
|a Colección Kalein (Universidad Nacional de Villa María)
|
| 793 |
0 |
|
|g Digitalia eBook Collection:
|a Ediciones Eduvim
|
| 856 |
4 |
0 |
|3 Digitalia Hispánica
|u https://www.digitaliapublishing.com/a/14496/
|
| 910 |
|
|
|a Premium Collection: 2007-2012
|